Approaching hoofbeats : (Record no. 6200)

000 -LEADER
fixed length control field 00765nam a2200217 a 4500
001 - CONTROL NUMBER
control field :::00003943$&:&@@
003 - CONTROL NUMBER IDENTIFIER
control field OkBaRHE
005 - DATE AND TIME OF LATEST TRANSACTION
control field 20100401125736.0
008 - FIXED-LENGTH DATA ELEMENTS--GENERAL INFORMATION
fixed length control field s1983 j 000 0 eng u
020 ## - INTERNATIONAL STANDARD BOOK NUMBER
International Standard Book Number 0849903580
040 ## - CATALOGING SOURCE
Transcribing agency
100 1# - MAIN ENTRY--PERSONAL NAME
Personal name Graham, Billy, 1918-
245 10 - TITLE STATEMENT
Title Approaching hoofbeats :
Remainder of title the four horsemen of the Apocalypse.
260 ## - PUBLICATION, DISTRIBUTION, ETC. (IMPRINT)
Place of publication, distribution, etc Waco, TX., :
Name of publisher, distributor, etc Word Books
Date of publication, distribution, etc 1983
300 ## - PHYSICAL DESCRIPTION
Extent 236, [3] p. ;
Dimensions 24 cm.
650 ## - SUBJECT ADDED ENTRY--TOPICAL TERM
Topical term or geographic name as entry element Eschatology
650 ## - SUBJECT ADDED ENTRY--TOPICAL TERM
Topical term or geographic name as entry element Four Horsemen of the Apocalypse
942 ## - ADDED ENTRY ELEMENTS (KOHA)
Source of classification or shelving scheme
Koha item type Books
Copies
Barcode Full call number Koha item type Date last seen Shelving location Source of classification or shelving scheme Date acquired Damaged status Price effective from Withdrawn status Permanent Location Copy number Lost status Not for loan
3943BS 2825.2 .G73 1983Books2018-04-03General Stacks 2010-04-14 2010-04-14 RHEMA Bible Training College1  
15893BS 2825.2 .G73 1983Books2018-04-03General Stacks 2010-04-14 2010-04-14 RHEMA Bible Training College2